000 00235nam a2200097Ia 4500
008 230907s9999||||xx |||||||||||||| ||und||
082 _a620.115
_bSPR
245 0 _aSpringer handbook of nanomaterials /
300 _a1222 p.
942 _cBK
999 _c599333
_d599333